Responses for Show #6825 - Friday, April 25, 2014

Julia Collins game 5.

Contestants

[<< previous game]

Hilary Gaughen, a veterinary technician from Lakeside, California

Aimee Seligstein, a recruiter originally from Memphis, Tennessee

Julia Collins, a supply chain professional from Kenilworth, Illinois (whose 4-day cash winnings total $73,110)

[next game >>]

Jeopardy! Round responses

NBA NICKNAMES
ELEVATION DESTINATION
WORDS OF PAIN
RECENT HISTORY
PRODUCT DESIGN
PICK A NUMBER BETWEEN 5 & 477
    $200 9
LeBron James

Hilary
    $200 26
[Alex reads "tech" as "technology" in the clue.]

Mount Everest

Aimee
    $200 15
grief

Aimee
    $200 1
a tsunami

Aimee
    $200 8
Chicken McNuggets

Hilary
    $200 2
99

Aimee
    $400 10
(Alex: Oh, yes, back to Chicago.)

Michael Jordan

Julia
    $400 27
World Trade Center

Julia
    $400 22
agony

Julia
    $400 4
affirmative action

Julia
    $400 14
(Hilary: What are octopus?)

calamari

Hilary
Triple Stumper
    $400 3
7

Julia
    $600 11
(Alex: Who is [*] of the Los Angeles Lakers?)

Kobe Bryant

Triple Stumper
    $600 28
Mount Fuji

Julia
    $600 23
suffer

Julia
    $600 5
(Janet) Yellen

Julia
    $600 19
a telephone

Julia
    $600 16
12

Aimee
    $800 12
Yao Ming

Hilary
    $800 29
(Julia: What is Willis?)

Donald Trump

JuliaHilary
    $800 24
torture

Julia
    $800 6
El-Sisi

Triple Stumper
    $800 20
KitchenAid

Aimee
    $800 17
(Hilary: What is 66?)

77

Hilary
Triple Stumper
    $1000 13
Dennis Rodman

Julia
    $1000 30
Kilimanjaro

Julia
    $1000 25
(Hilary: What is sorrow?)

misery

JuliaHilary
    $1000 7
North Korea

Julia
    $2,000 21
Rubik

Aimee
    $1000 18
435

Julia

Scores at the first commercial break (after clue 15):

Julia Aimee Hilary
$3,800 $600 $800

Scores at the end of the Jeopardy! Round:

Julia Aimee Hilary
$9,400 $4,200 -$200

Double Jeopardy! Round responses

WAR STORIES
(Alex: You contestants have to name the war that's the subject.)
MUSICAL INSTRUMENTS
CATEGORY "RE"VISITED
BEST DIRECTOR OSCAR NOMINEES
SOCIETIES
TOUGH EUROPEAN CAPITALS
    $400 18
World War II

Hilary
    $400 16
a kazoo

Julia
    $400 11
recede

Hilary
    $400 1
The Hurt Locker

Hilary
    $400 23
the ASPCA

Julia
    $400 6
Slovakia

Aimee
    $800 19
the Civil War

Julia
    $800 17
the dulcimer

Triple Stumper
    $800 12
redistrict

Julia
    $800 2
John Ford

Triple Stumper
    $800 24
the Masons

Aimee
    $800 7
Stockholm

Triple Stumper
    $1200 20
the American Revolution

Triple Stumper
    $1200 25
an accordion

Triple Stumper
    $1200 13
retail

Julia
    $1200 3
Lost in Translation

Julia
    $1200 28
National Geographic

Julia
    $1200 8
Albania

Aimee
    $1600 21
the French and Indian Wars

Julia
    $1600 26
(Alex: [With a German accent] And that is [*].)

the Glockenspiel

Triple Stumper
    $1600 14
redress

Aimee
    $1600 4
(David) Lynch

Julia
    $1600 29
Friends

Aimee
    $3,000 9
Lisbon (Portugal)

Aimee
    $2000 22
the Vietnam War

Triple Stumper
    $2000 27
bassoon

Julia
    $2000 15
redact

Aimee
    $2000 5
John Singleton

Hilary
    $2,000 30
(Aimee: What's the American Red Cross?)

the American Cancer Society

Aimee
    $2000 10
Belarus

Aimee

Scores at the end of the Double Jeopardy! Round:

Julia Aimee Hilary
$20,600 $14,800 $3,000

[wagering suggestions for these scores]

Final Jeopardy! Round responses

COMPUTERS
(Alex: Try for those Explore the World sweepstakes, please. We'll see you on Monday.)
HilaryWhat is control-alt-delete?
$2,999
AimeeWhat is control-alt-delete?
$1,200
JuliaWhat is control alt delete?
$9,100
Ctrl-Alt-Delete

Final scores:

Julia Aimee Hilary
$29,700 $16,000 $5,999
5-day champion: $102,810 2nd place: $2,000 3rd place: $1,000

Game dynamics:

Coryat scores:

Julia Aimee Hilary
$20,600 $14,400 $3,000
25 R,
1 W
15 R
(including 2 DDs),
1 W
(including 1 DD)
8 R,
3 W

Combined Coryat: $38,000

[game clues] [game scores] [suggest correction]

Game tape date: 2014-01-15
The J! Archive is created by fans, for fans. Scraping, republication, monetization, and malicious use prohibited; this site may use cookies and collect identifying information. See terms. The Jeopardy! game show and all elements thereof, including but not limited to copyright and trademark thereto, are the property of Jeopardy Productions, Inc. and are protected under law. This website is not affiliated with, sponsored by, or operated by Jeopardy Productions, Inc. Join the discussion at JBoard.tv.